[Event "40th World Junior Girls"]
[Site "Gandhinagar IND"]
[Date "2024.06.05"]
[Round "4.16"]
[White "Shohradova, Lala"]
[Black "Arya G Mallar"]
[Result "1-0"]
[WhiteTitle "WFM"]
[WhiteElo "2000"]
[BlackElo "1725"]
[WhiteFideId "14004089"]
[BlackFideId "25115324"]
[EventDate "2024.06.02"]

1. d4 Nf6 2. c4 e6 3. g3 d5 4. Bg2 Bb4+ 5. Bd2 Be7 6. Nf3 O-O 7. O-O c6 8. Qc2
Nbd7 9. Nc3 dxc4 10. e4 b5 11. e5 Nd5 12. a4 Nxc3 13. bxc3 Bb7 14. axb5 cxb5 15.
Ng5 Bxg5 16. Bxb7 Rb8 17. Bxg5 Qxg5 18. Rxa7 Nb6 19. Be4 h5 20. Rb1 Nd5 21. Bxd5
exd5 22. Rd7 Rfd8 23. h4 Qg4 24. Rxd8+ Rxd8 25. Rxb5 Qf3 26. Qc1 Ra8 27. Rb1 Qd3
28. Qe1 Kh8 29. Kg2 Ra2 30. Rd1 Qc2 31. Rc1 Qd3 32. e6 Re2 33. exf7 Qe4+ 34. Kh2
Rxe1 35. f8=Q+ Kh7 36. Rxe1 Qxe1 37. Qf3 g6 38. Kg2 Qe6 39. Qe3 Qf5 40. Qf3 Qe6
41. Qf4 Kg7 42. Kf1 Qh3+ 43. Ke2 Qd7 44. Qe5+ Kh7 45. Ke3 Kg8 46. f3 Qf7 47. g4
hxg4 48. fxg4 Qf1 49. Qxd5+ Kg7 50. Qb7+ Kg8 51. Qb8+ Kg7 52. Qe5+ Kh7 53. Qg3
Qd3+ 54. Kf4 Qf1+ 55. Kg5 Qf7 56. Qe5 Qd7 57. h5 Qd8+ 58. Qf6 Qa5+ 59. Kh4 g5+
60. Qxg5 Qxc3 61. Qg6+ Kh8 62. Qf6+ Kh7 63. Qe7+ Kg8 64. Qe8+ Kg7 65. Qe5+ Kh7
66. g5 Qf3 67. g6+ Kg8 68. Qe8+ Kg7 69. Qe7+ Kg8 70. Qh7+ Kf8 71. g7+ Ke8 72.
g8=Q+ Qf8 73. Qe6+ Kd8 74. Qhd7# 1-0

[Event "40th World Junior Girls"]
[Site "Gandhinagar IND"]
[Date "2024.06.05"]
[Round "4.17"]
[White "Bhat Sannidhi Ramakrishna"]
[Black "Sneha Halder"]
[Result "0-1"]
[WhiteElo "1842"]
[BlackElo "1958"]
[WhiteFideId "25792695"]
[BlackFideId "25693263"]
[EventDate "2024.06.02"]

1. d4 Nf6 2. Nf3 e6 3. Bf4 c5 4. e3 Qb6 5. Na3 d5 6. Nb5 Na6 7. a4 c4 8. Ne5 Ne4
9. Qf3 Nf6 10. g4 Be7 11. g5 Nd7 12. h4 Nxe5 13. Bxe5 Bd7 14. Bh3 Bxb5 15. axb5
Qxb5 16. O-O O-O 17. Bf6 Qd7 18. Kh1 Qd8 19. Rg1 Kh8 20. Be5 f6 21. gxf6 Bxf6
22. Qg3 Qd7 23. h5 Bxe5 24. Qxe5 Rf6 25. Rg2 Qe7 26. Rag1 Rg8 27. e4 Nb4 28.
exd5 Nxd5 29. Rg4 Qf7 30. R4g3 Nf4 31. Bg4 Rh6 32. Rf3 Rf8 33. Rgg3 Rf6 34. Kg1
h6 35. Kh1 Qd7 36. Re3 Qc6+ 37. f3 Qb6 38. b3 Nd5 39. Re1 cxb3 40. cxb3 Nf4 41.
Re3 Rd8 42. Rc3 Qa6 43. Rc7 Qf1+ 44. Rg1 Qf2 45. Qe1 Qxd4 46. Rxb7 Nd3 47. Qg3
Nf2+ 48. Kh2 Rf4 49. Bh3 Nxh3 50. Kxh3 Rxf3 51. Qxf3 Qxg1 52. Re7 Qb6 53. Qg3
Rg8 54. Rf7 Qb5 55. Kh4 Qd5 56. Re7 Qh1+ 57. Kg4 Rd8 58. Rf7 Rd4+ 59. Rf4 Qd1+
60. Kh4 Rxf4+ 61. Qxf4 Qxb3 62. Qf8+ Kh7 63. Qf7 Qc4+ 64. Kg3 Qd3+ 65. Kg2 Qf5
66. Qxa7 Qxh5 67. Qb6 Qd5+ 68. Kh3 h5 69. Kh4 Qf5 70. Kg3 e5 71. Qc6 e4 72. Qc1
Qf3+ 73. Kh2 h4 74. Qc2 h3 0-1

[Event "40th World Junior Girls"]
[Site "Gandhinagar IND"]
[Date "2024.06.05"]
[Round "4.18"]
[White "Agajanova, Meryem"]
[Black "Advika Sarupria"]
[Result "1-0"]
[WhiteTitle "WCM"]
[WhiteElo "1955"]
[BlackElo "1587"]
[WhiteFideId "14005930"]
[BlackFideId "25968858"]
[EventDate "2024.06.02"]

1. d4 d5 2. c4 e6 3. g3 Nf6 4. Nf3 c6 5. Qc2 Bd6 6. Bg2 Nbd7 7. O-O O-O 8. Nbd2
b6 9. e4 dxe4 10. Nxe4 Nxe4 11. Qxe4 Bb7 12. Rd1 Re8 13. Ne5 Rc8 14. Bf4 Qc7 15.
Rac1 f6 16. Nxd7 Qxd7 17. Bxd6 Qxd6 18. Rd3 Rcd8 19. c5 Qd7 20. cxb6 axb6 21.
Rb3 b5 22. Qc2 Rc8 23. Rc3 Qxd4 24. Bxc6 Bxc6 25. Rxc6 Rb8 26. Rd1 Qe5 27. Rc5 1-0

[Event "40th World Junior Girls"]
[Site "Gandhinagar IND"]
[Date "2024.06.05"]
[Round "4.19"]
[White "Divyabharathi, Masanam"]
[Black "Shubhi Gupta"]
[Result "1/2-1/2"]
[BlackTitle "WFM"]
[WhiteElo "1821"]
[BlackElo "1943"]
[WhiteFideId "45018421"]
[BlackFideId "25195425"]
[EventDate "2024.06.02"]

1. e4 e5 2. Nf3 Nc6 3. Bc4 Nf6 4. d3 h6 5. O-O d6 6. c3 Be7 7. Bb3 O-O 8. h3 Be6
9. Bc2 Re8 10. Re1 Bf8 11. Nbd2 g6 12. Nf1 Bg7 13. d4 Bd7 14. Ng3 a5 15. Be3 b5
16. Qd2 Kh7 17. d5 Ne7 18. a4 c6 19. dxc6 Bxc6 20. axb5 Bxb5 21. Bb3 Rf8 22.
Red1 Ne8 23. Bc5 Ra6 24. c4 Bd7 25. Ba3 Be6 26. Qd3 Rb6 27. Ba4 Qc8 28. Rac1 Qb7
29. c5 dxc5 30. Bxc5 Rxb2 31. Qd8 Bf6 32. Bxe8 Ng8 33. Qxa5 Rxe8 34. Bd6 Ra8 35.
Qc7 Qxc7 36. Bxc7 Raa2 37. Nh1 Rb5 38. Ng3 Ra3 39. Bd6 Ra2 40. Rc5 Rxc5 41. Bxc5
h5 42. Bd6 Ra5 43. Ne2 g5 44. Nc3 g4 45. hxg4 hxg4 46. Ne1 Bg5 47. Nd3 Bb3 48.
Rf1 Bc4 49. Rd1 f6 50. Nb4 Kg6 51. Nbd5 f5 1/2-1/2

[Event "40th World Junior Girls"]
[Site "Gandhinagar IND"]
[Date "2024.06.05"]
[Round "4.21"]
[White "Zhurova, Anna"]
[Black "Jesumarian, Rebecca"]
[Result "1-0"]
[WhiteTitle "WFM"]
[WhiteElo "2239"]
[BlackElo "1866"]
[WhiteFideId "54113075"]
[BlackFideId "35094831"]
[EventDate "2024.06.02"]

1. e4 e6 2. Nf3 d5 3. e5 Bd7 4. d4 a6 5. Bd3 Bb5 6. O-O Ne7 7. Nc3 Bxd3 8. Qxd3
Nf5 9. Ne2 Be7 10. g4 Nh4 11. Nxh4 Bxh4 12. f4 Nc6 13. c3 Qd7 14. Bd2 O-O-O 15.
b4 f6 16. Qh3 g5 17. exf6 h6 18. Nc1 Rdf8 19. Nd3 Rxf6 20. fxg5 Rxf1+ 21. Rxf1
hxg5 22. Qf3 b6 23. a4 Qh7 24. h3 Kb7 25. a5 Rc8 26. Qe3 Re8 27. Rf6 Re7 28. Qf3
Qg7 29. Kg2 Qh7 30. axb6 cxb6 31. Rf8 Qg7 32. Be3 Ka7 33. Bg1 e5 34. Qf5 exd4
35. Qc8 Qxf8 36. Qxf8 dxc3 37. Qc8 Re2+ 38. Kf3 Rd2 39. Qc7+ Ka8 40. Qxc6+ 1-0

[Event "40th World Junior Girls"]
[Site "Gandhinagar IND"]
[Date "2024.06.05"]
[Round "4.22"]
[White "Aswinika Mani R"]
[Black "Kanyamarala, Trisha"]
[Result "1/2-1/2"]
[BlackTitle "WIM"]
[WhiteElo "1751"]
[BlackElo "2219"]
[WhiteFideId "25611518"]
[BlackFideId "45004722"]
[EventDate "2024.06.02"]

1. e4 c5 2. Nf3 d6 3. d4 cxd4 4. Nxd4 Nf6 5. Nc3 Nc6 6. Bg5 Bd7 7. Qd2 Rc8 8.
O-O-O Nxd4 9. Qxd4 Qa5 10. Bxf6 gxf6 11. Kb1 h5 12. Bc4 Qc5 13. Bb3 Qxd4 14.
Rxd4 Rg8 15. g3 Bg7 16. Rb4 b6 17. Ba4 f5 18. Re1 Bxc3 19. bxc3 fxe4 20. Rbxe4
e6 21. Bxd7+ Kxd7 22. Ra4 a5 23. Rf4 Rg7 24. Kb2 Rc5 25. Rd1 Ke7 1/2-1/2

[Event "40th World Junior Girls"]
[Site "Gandhinagar IND"]
[Date "2024.06.05"]
[Round "4.23"]
[White "Shanmathi Sree S"]
[Black "Rzali, Sabina"]
[Result "0-1"]
[BlackTitle "WCM"]
[WhiteElo "1854"]
[BlackElo "2073"]
[WhiteFideId "25966413"]
[BlackFideId "13410920"]
[EventDate "2024.06.02"]

1. e4 e6 2. d4 d5 3. e5 c5 4. c3 Qb6 5. Nf3 Bd7 6. Bd3 cxd4 7. cxd4 Nc6 8. Bc2
Nb4 9. O-O Nxc2 10. Qxc2 Rc8 11. Nc3 Ne7 12. Be3 Nc6 13. Qe2 Na5 14. Rac1 Be7
15. Bg5 Bxg5 16. Nxg5 h6 17. Nf3 O-O 18. Rfd1 Rc7 19. Rc2 Rfc8 20. Rdc1 Nc4 21.
h4 Qa5 22. Nd2 Nxb2 23. Nb3 Qa3 24. Rxb2 Rxc3 25. Rxc3 Rxc3 26. Qd2 Rc4 27. Nc5
Bc6 28. Kh2 b6 29. Nb3 a5 30. Nc1 b5 31. Ne2 a4 32. Rc2 b4 33. Rb2 Bd7 34. Rb1
Bb5 35. g4 Qf3 36. Ng3 Qxg4 37. Rxb4 Qxh4+ 38. Kg2 Bd7 39. Rb8+ Kh7 40. Qd3+ g6
41. Qa3 Bc8 42. Qf8 Rc7 43. Rxc8 Rxc8 44. Qxc8 Qxd4 45. Qf8 Qf4 46. Qa3 Kg7 47.
Qe3 Qxe3 48. fxe3 f6 49. Ne2 fxe5 50. Nc3 a3 51. Nb5 Kf6 52. Nxa3 Ke7 53. Nc2
Kd6 54. Nb4 e4 55. a4 Kc5 56. a5 g5 57. a6 Kb6 58. Kg3 h5 59. Kh3 Ka7 60. Kg3
Kb6 61. Kf2 h4 62. Ke2 g4 63. Kf2 h3 64. Kg3 d4 65. a7 Kb7 66. Na6 dxe3 67. Nc5+
Kxa7 68. Nxe4 Kb6 69. Nc3 Kc5 70. Ne2 e5 71. Kh2 Kc4 72. Kg1 Kd3 73. Ng3 Kd2 74.
Kf1 Kd1 75. Ne2 h2 76. Nc3+ Kc2 77. Kg2 Kxc3 78. Kh1 e2 79. Kxh2 e1=Q 0-1

[Event "40th World Junior Girls"]
[Site "Gandhinagar IND"]
[Date "2024.06.05"]
[Round "4.24"]
[White "Donghvani, Nia"]
[Black "Akshaya Sathi"]
[Result "1-0"]
[WhiteElo "2070"]
[BlackElo "1833"]
[WhiteFideId "13614649"]
[BlackFideId "25130340"]
[EventDate "2024.06.02"]

1. e4 c5 2. Nf3 d6 3. d4 cxd4 4. Nxd4 Nf6 5. Nc3 a6 6. a3 e5 7. Nf5 d5 8. Bg5 d4
9. Bxf6 gxf6 10. Na2 Bxf5 11. exf5 Nc6 12. Bd3 Qd5 13. Qe2 Bh6 14. O-O O-O 15.
Be4 Qd6 16. Qh5 Bg7 17. Rad1 Rad8 18. Nc1 Ne7 19. Ne2 Qc7 20. Rd3 b5 21. g4 Qb6
22. g5 Nd5 23. Rh3 Rfe8 24. Qxh7+ Kf8 25. g6 fxg6 26. Qxg6 Re7 27. Kh1 b4 28.
Rg1 Rf7 29. Qg2 Nc7 30. Rh7 Rdd7 31. axb4 Qxb4 32. Bc6 Rde7 33. Rh8+ 1-0

[Event "40th World Junior Girls"]
[Site "Gandhinagar IND"]
[Date "2024.06.05"]
[Round "4.25"]
[White "Swara Lakshmi S Nair"]
[Black "Rejepova, Jahan"]
[Result "1-0"]
[WhiteTitle "WCM"]
[WhiteElo "2051"]
[BlackElo "1816"]
[WhiteFideId "25629239"]
[BlackFideId "14006480"]
[EventDate "2024.06.02"]

1. e4 e6 2. d4 d5 3. Nd2 c5 4. exd5 Qxd5 5. Ngf3 cxd4 6. Bc4 Qd6 7. O-O Nf6 8.
Nb3 Nc6 9. Nbxd4 Nxd4 10. Nxd4 a6 11. Re1 Qc7 12. Bb3 Bd6 13. h3 O-O 14. c3 b5
15. Bg5 Be7 16. Qe2 Re8 17. Rad1 Bd7 18. Nf3 Rad8 19. Ne5 Bc8 20. a4 Qb6 21.
axb5 axb5 22. Bc2 h6 23. Bxf6 Bxf6 24. Qh5 Bxe5 25. Rxe5 Ba6 26. b4 Qc7 27. Rc5
Qf4 28. Qe2 Qf6 29. Be4 Rxd1+ 30. Qxd1 Rd8 31. Qa1 g6 32. Qc1 Kg7 33. Bf3 Rd6
34. Qe3 Rd8 35. Rc7 Rd6 36. Qc5 Qf4 37. g3 Qxf3 38. Qxd6 Bb7 39. Qd4+ Kh7 40.
Kf1 Bd5 41. Ke1 Bc4 42. Rxc4 bxc4 43. Qxc4 Qh1+ 44. Kd2 Qxh3 45. Qf4 Kg8 46. b5
Qh1 47. c4 Qb1 48. Kc3 h5 49. Qb8+ Kg7 50. b6 Qe1+ 51. Kb3 Qb1+ 52. Ka4 Qa2+ 53.
Kb5 Qb3+ 54. Kc5 Qa3+ 55. Kc6 Qa4+ 56. Kb7 Qxc4 57. Qe5+ Kh7 58. Kb8 Qc6 59. b7
Qe8+ 60. Kc7 Qe7+ 61. Kc6 Qe8+ 62. Kb6 Qd8+ 63. Ka7 Qd7 64. Qf4 Kg7 65. Qb4 Qc7
66. Ka6 Qc6+ 67. Qb6 Qa4+ 68. Qa5 Qc6+ 69. Ka7 Qd7 70. Ka8 Qc6 71. Qb4 Qa6+ 72.
Kb8 Qc6 73. Ka7 Qc7 74. Ka6 Qc6+ 75. Ka5 Qc7+ 76. Qb6 Qc3+ 77. Kb5 Qe5+ 78. Kc6
Qd5+ 79. Kc7 Qe5+ 80. Kc8 Qc3+ 81. Qc7 Qd2 82. b8=Q Qxf2 83. Qc3+ f6 84. Qbc7+
Kg8 85. Qd8+ Kg7 86. Qcc7+ Kh6 87. Qf4+ Qxf4 88. gxf4 1-0

[Event "40th World Junior Girls"]
[Site "Gandhinagar IND"]
[Date "2024.06.05"]
[Round "4.26"]
[White "Nagyova, Daniela"]
[Black "Saniya Rafique Tadavi"]
[Result "1/2-1/2"]
[WhiteElo "1958"]
[BlackElo "1754"]
[WhiteFideId "390070"]
[BlackFideId "25912461"]
[EventDate "2024.06.02"]

1. e4 c5 2. Nf3 d6 3. d4 cxd4 4. Nxd4 Nf6 5. Nc3 a6 6. Be2 e5 7. Nb3 Be7 8. O-O
O-O 9. Be3 Be6 10. Qd2 b5 11. f3 Nbd7 12. a4 b4 13. Nd5 Bxd5 14. exd5 Nb6 15.
Bxb6 Qxb6+ 16. Kh1 a5 17. Bb5 Nh5 18. Bc6 Ra7 19. c3 bxc3 20. Qxc3 Rb8 21. Bb5
Nf4 22. Qd2 Bg5 23. g3 Ne6 24. f4 Nxf4 25. gxf4 Bxf4 26. Qd3 Qb7 27. Nd2 Qe7 28.
Nc4 g6 29. Rae1 Bh6 30. Qc3 Qc7 31. Rf6 Bf8 32. Ref1 Qc5 33. Qd3 Rd8 34. Qf3 Qc7
35. Qa3 Qb8 36. Qe3 Kg7 37. Qh3 Kg8 38. Qc3 Rc8 39. Qf3 Qc7 40. Qh3 Qc5 41. Qf3
Qc7 42. b3 Rd8 43. Qe3 Qb8 44. Bc6 Kg7 45. Qh3 Kg8 46. Qc3 Bg7 47. R6f2 Qb4 48.
Qe3 Qb8 49. Qc3 Qb4 50. Qe3 1/2-1/2

[Event "40th World Junior Girls"]
[Site "Gandhinagar IND"]
[Date "2024.06.05"]
[Round "4.27"]
[White "Kirthika, B"]
[Black "Sherali Pattnaik"]
[Result "0-1"]
[WhiteElo "1724"]
[BlackElo "1955"]
[WhiteFideId "25981323"]
[BlackFideId "25789449"]
[EventDate "2024.06.02"]

1. e4 e5 2. Nf3 Nc6 3. Bb5 a6 4. Ba4 Nf6 5. d3 b5 6. Bb3 Be7 7. O-O O-O 8. Nc3
d6 9. a4 b4 10. Nd5 Bg4 11. c3 bxc3 12. bxc3 Rb8 13. Nxe7+ Nxe7 14. Bc2 Ng6 15.
h3 Bh5 16. g3 Qd7 17. Kg2 h6 18. Qe2 d5 19. Qe3 Qc6 20. Ba3 Rfd8 21. Qc5 Qd7 22.
Nd2 dxe4 23. Nxe4 Nd5 24. f3 Ndf4+ 25. gxf4 Nxf4+ 26. Kf2 Qxh3 27. Ke1 Rxd3 28.
Qg1 Ng2+ 29. Ke2 Rxf3 30. Kd2 Rd8+ 31. Kc1 f5 32. Nf2 Qg3 33. Nd3 e4 34. Nc5
Rxc3 35. Kb2 Rb8+ 36. Nb3 Rxc2+ 37. Kxc2 Qxb3+ 0-1

[Event "40th World Junior Girls"]
[Site "Gandhinagar IND"]
[Date "2024.06.05"]
[Round "4.28"]
[White "Varshita Jain"]
[Black "Kanishka S"]
[Result "0-1"]
[WhiteElo "1676"]
[BlackElo "1882"]
[WhiteFideId "25681907"]
[BlackFideId "25731564"]
[EventDate "2024.06.02"]

1. e4 c5 2. Nf3 d6 3. d4 cxd4 4. Nxd4 Nf6 5. Nc3 a6 6. Be2 e5 7. Nb3 Be7 8. O-O
O-O 9. Be3 Be6 10. f4 exf4 11. Bxf4 Nc6 12. Bf3 Ne5 13. Nd5 Bxd5 14. exd5 Nfd7
15. Kh1 Bf6 16. c3 Re8 17. Be4 g6 18. Qd2 Bg7 19. Rae1 Nf6 20. Bf3 Nxf3 21. gxf3
Qd7 22. Bg5 Rxe1 23. Rxe1 Qf5 24. Qf4 Qxf4 25. Bxf4 Nxd5 26. Bxd6 Rd8 27. Ba3 b6
28. Rd1 Bf6 29. c4 Ne3 30. Rxd8+ Bxd8 31. c5 Nc2 32. cxb6 Bxb6 33. Bc5 Bc7 34.
Nd2 Bf4 35. Ne4 Ne1 36. Nf6+ Kg7 37. Nd5 Be5 38. b4 Nxf3 39. a4 Nxh2 40. b5 axb5
41. axb5 Nf3 42. b6 Nd4 43. Nb4 Nb3 44. Nd3 Bb8 45. Be7 Na5 46. Nc5 Nc6 47. Nd7
Bf4 48. Bf8+ Kg8 49. b7 f5 50. Bc5 Kf7 51. Kg2 g5 52. Bf2 Ke7 53. Nb6 Bb8 54.
Bc5+ Ke6 55. Kf3 Nd8 56. Nc8 Nxb7 57. Be3 g4+ 0-1

[Event "40th World Junior Girls"]
[Site "Gandhinagar IND"]
[Date "2024.06.05"]
[Round "4.29"]
[White "Natura, Bethi"]
[Black "Anupam, M Sreekumar"]
[Result "0-1"]
[BlackTitle "WCM"]
[WhiteElo "1697"]
[BlackElo "1872"]
[WhiteFideId "25048864"]
[BlackFideId "45033501"]
[EventDate "2024.06.02"]

1. d4 Nf6 2. c4 e6 3. Nf3 b6 4. g3 Bb7 5. Bg2 Be7 6. Nc3 Ne4 7. Qc2 Nxc3 8. bxc3
d6 9. O-O Nd7 10. e4 c5 11. a4 Rc8 12. Nd2 Qc7 13. Re1 O-O 14. Ba3 Ba6 15. d5
Ne5 16. Bf1 exd5 17. cxd5 c4 18. f4 Nd3 19. Re3 b5 20. Bxd3 Qb6 21. Nf1 cxd3 22.
a5 Qxe3+ 23. Nxe3 dxc2 24. Nf5 Rfe8 25. Bb4 g6 26. Nxe7+ Rxe7 27. e5 Rd7 28.
exd6 Bb7 29. Rc1 Bxd5 30. Rxc2 Re8 31. Rd2 Bc4 32. Kf2 f5 33. h3 Re4 34. Kf3 Kf7
35. g4 Ke6 36. a6 Bd5 37. Kg3 Rxb4 38. cxb4 Rxd6 39. gxf5+ gxf5 40. Re2+ Be4 0-1

[Event "40th World Junior Girls"]
[Site "Gandhinagar IND"]
[Date "2024.06.05"]
[Round "4.30"]
[White "Padmini S"]
[Black "Jain Ashita"]
[Result "0-1"]
[WhiteElo "1872"]
[BlackElo "1744"]
[WhiteFideId "25782738"]
[BlackFideId "25181971"]
[EventDate "2024.06.02"]

1. e4 c6 2. d4 d5 3. exd5 cxd5 4. Bd3 Nc6 5. c3 Nf6 6. Nf3 Bg4 7. Bf4 e6 8. Qb3
Qc8 9. Nbd2 Bxf3 10. Nxf3 Be7 11. O-O O-O 12. Rae1 Nh5 13. Bd2 Bd6 14. Ne5 Rb8
15. Qd1 Nf6 16. f4 Qc7 17. Re3 b5 18. Rh3 g6 19. Qe1 Be7 20. Qe2 b4 21. g4 Nd7
22. Nxc6 Qxc6 23. f5 bxc3 24. bxc3 Bf6 25. g5 Bh8 26. f6 Rfc8 27. Qf2 Nf8 28.
Qh4 Rb7 29. Rhf3 Rcc7 30. c4 Rb2 31. Bf4 dxc4 32. Bxc7 cxd3 33. Bf4 Qe4 34. Bg3
Qd5 35. Qf4 Qc4 36. Qe3 Qc2 37. R1f2 d2 38. Qe2 e5 39. Bxe5 0-1

[Event "40th World Junior Girls"]
[Site "Gandhinagar IND"]
[Date "2024.06.05"]
[Round "4.31"]
[White "Barwinska, Ewa"]
[Black "Drishtee Ghosh"]
[Result "0-1"]
[WhiteTitle "WFM"]
[WhiteElo "2106"]
[BlackElo "1700"]
[WhiteFideId "21833761"]
[BlackFideId "25164074"]
[EventDate "2024.06.02"]

1. e4 c5 2. Nf3 d6 3. Bb5+ Nd7 4. a4 Nf6 5. Nc3 a6 6. Bc4 e6 7. d4 cxd4 8. Nxd4
Be7 9. Bxe6 fxe6 10. Nxe6 Qa5 11. Nxg7+ Kd8 12. Bd2 Ne5 13. Nd5 Qc5 14. Bb4 Qc4
15. Ba5+ b6 16. Bxb6+ Kd7 17. Be3 Qxe4 18. Nb6+ Kd8 19. Qd2 Nc4 20. Nxc4 Qxc4
21. Qa5+ Kd7 22. O-O-O Rb8 23. Bd4 Nd5 24. h4 Rb4 25. b3 Rxb3 26. Nf5 Nb4 27.
Ne3 Na2+ 28. Kd2 Qxd4+ 29. Ke1 Rxe3+ 30. fxe3 Qxe3+ 0-1

[Event "40th World Junior Girls"]
[Site "Gandhinagar IND"]
[Date "2024.06.05"]
[Round "4.32"]
[White "Prasiddhi Bhat"]
[Black "Anishka, Vikram"]
[Result "0-1"]
[BlackTitle "WCM"]
[WhiteElo "1715"]
[BlackElo "2048"]
[WhiteFideId "25602217"]
[BlackFideId "45013314"]
[EventDate "2024.06.02"]

1. d4 d5 2. e3 Nf6 3. Bd3 e6 4. Nf3 Bd6 5. b3 O-O 6. O-O b6 7. Bb2 Bb7 8. Nbd2
c5 9. Ne5 Nc6 10. a3 Ne7 11. f4 Ne4 12. Qe2 Rc8 13. Rad1 Qc7 14. Qg4 f5 15. Qh4
Nxd2 16. Rxd2 Bxe5 17. dxe5 Ng6 18. Qg5 c4 19. bxc4 dxc4 20. Be2 c3 21. Rd6 cxb2
22. Bd3 Rcd8 23. g4 Rxd6 24. exd6 Qc6 25. gxf5 Qh1+ 26. Kf2 Qxh2+ 0-1

[Event "40th World Junior Girls"]
[Site "Gandhinagar IND"]
[Date "2024.06.05"]
[Round "4.33"]
[White "Kheerthi, Ganta"]
[Black "Asmita Avijit Ray"]
[Result "1/2-1/2"]
[WhiteTitle "WFM"]
[WhiteElo "1987"]
[BlackElo "1692"]
[WhiteFideId "25626280"]
[BlackFideId "25786911"]
[EventDate "2024.06.02"]

1. d4 d5 2. Nf3 Nf6 3. e3 c6 4. Bd3 Bg4 5. Nbd2 e6 6. b3 Nbd7 7. Bb2 Bd6 8. h3
Bxf3 9. Nxf3 O-O 10. O-O Qb8 11. c4 e5 12. dxe5 Nxe5 13. cxd5 Nxd5 14. Nxe5 Bxe5
15. Bxh7+ Kh8 16. Qh5 Nf6 17. Qxe5 Qxe5 18. Bxe5 Nxh7 19. Rfd1 Rfd8 20. Bc7 Rdc8
21. Bg3 Rd8 22. e4 Nf6 23. f3 Kh7 24. Bh4 Kg6 25. Rxd8 Rxd8 26. e5 Rh8 27. exf6
Rxh4 28. fxg7 Kxg7 29. Rd1 Rb4 30. Rd3 a5 31. a3 Rb5 32. Kf2 Rc5 33. Ke2 Rc1 34.
Kd2 Ra1 35. Kc3 b5 36. Kb2 Rg1 37. Rd2 f6 38. h4 f5 39. a4 bxa4 40. bxa4 Kg6 41.
Kc3 Kh5 42. Rd8 Kxh4 43. Rg8 Ra1 44. Kb3 Rc1 45. g3+ Kh3 46. Rg5 c5 47. Rxf5
Kxg3 48. Rf8 Rb1+ 49. Ka2 Rb4 50. Ka3 c4 51. Rf5 c3 52. Rc5 Kxf3 53. Rxc3+ Ke4
54. Rc5 Rb8 55. Rxa5 Kd4 56. Rh5 Kc4 57. a5 Rb3+ 58. Ka2 Rb5 59. Rh4+ Kc5 60.
Ra4 Rb8 61. Ka3 Ra8 62. Kb3 Ra6 63. Rc4+ Kb5 64. Rb4+ Kxa5 1/2-1/2

[Event "40th World Junior Girls"]
[Site "Gandhinagar IND"]
[Date "2024.06.05"]
[Round "4.34"]
[White "Marium, Fatima"]
[Black "Modipalli Deekshitha"]
[Result "1-0"]
[WhiteElo "1905"]
[BlackElo "1678"]
[WhiteFideId "45073058"]
[BlackFideId "33389454"]
[EventDate "2024.06.02"]

1. d4 Nf6 2. Nf3 e6 3. g3 d5 4. Bg2 Be7 5. O-O O-O 6. Ne5 c5 7. b3 cxd4 8. Bb2
Ne8 9. Bxd4 f6 10. Nd3 Nc6 11. Bb2 Nc7 12. Nf4 d4 13. c3 e5 14. Nd3 Bf5 15. cxd4
Nxd4 16. e4 Bd7 17. Nc3 Bc6 18. Re1 Re8 19. Rc1 Qd7 20. f4 Bf8 21. f5 Rad8 22.
Nf2 Qf7 23. Qg4 g6 24. Ncd1 Bg7 25. Ne3 g5 26. Bxd4 exd4 27. Nc4 h5 28. Qd1 b5
29. Ne5 Rxe5 30. Rxc6 Re7 31. Nd3 Qe8 32. Qc1 Na8 33. e5 Nb6 34. Rd1 Rxe5 35.
Nxe5 Qxe5 36. Rc5 Qd6 37. Rd3 Bf8 38. Rc6 Qe5 39. Qf1 Nd7 40. Re6 Qc5 41. Rc6
Qe5 42. Rd1 Bc5 43. Kh1 Bb4 44. Re6 Qc5 45. Qf3 Nf8 46. Rxf6 Qe5 47. Rh6 g4 48.
Qe4 Qg7 49. Qd5+ Qf7 50. Qxd8 1-0

[Event "40th World Junior Girls"]
[Site "Gandhinagar IND"]
[Date "2024.06.05"]
[Round "4.36"]
[White "Benito De Leo, Estefania"]
[Black "Pranavasri S"]
[Result "1/2-1/2"]
[WhiteElo "1900"]
[BlackElo "1610"]
[WhiteFideId "5135311"]
[BlackFideId "33406758"]
[EventDate "2024.06.02"]

1. e4 c5 2. Nf3 d6 3. d4 cxd4 4. Nxd4 Nf6 5. Nc3 a6 6. f3 e5 7. Nb3 Be7 8. Be3
Be6 9. Qd2 O-O 10. O-O-O Nbd7 11. g4 b5 12. g5 Nh5 13. h4 Nb6 14. Bxb6 Qxb6 15.
Kb1 Rfd8 16. Nd5 Bxd5 17. exd5 Nf4 18. Nc1 Rac8 19. Ne2 Rc4 20. Nxf4 Rxf4 21.
Qg2 Qe3 22. Be2 e4 23. Rdf1 Rc8 24. fxe4 Qxe4 25. Bf3 Qf5 26. Rf2 f6 27. Re1 Kf8
28. Re4 Rc4 1/2-1/2

[Event "40th World Junior Girls"]
[Site "Gandhinagar IND"]
[Date "2024.06.05"]
[Round "4.37"]
[White "Kriti, Mayur Patel"]
[Black "Gade Sharanya"]
[Result "0-1"]
[WhiteTitle "WCM"]
[WhiteElo "1691"]
[BlackElo "1849"]
[WhiteFideId "35061780"]
[BlackFideId "25925253"]
[EventDate "2024.06.02"]

1. e4 c5 2. c3 Nf6 3. e5 Nd5 4. d4 cxd4 5. Nf3 Nc6 6. Bc4 Nb6 7. Bb3 d6 8. exd6
Qxd6 9. O-O Be6 10. Nxd4 Nxd4 11. cxd4 Rd8 12. Be3 g6 13. Nc3 Bxb3 14. Qxb3 Bg7
15. Nb5 Qb8 16. d5 O-O 17. Rad1 Nc8 18. Rfe1 Rd7 19. Qb4 Be5 20. f4 Bf6 21. g3
a6 22. Nc3 Rfd8 23. Bd4 Bxd4+ 24. Qxd4 b5 25. a3 Qb6 26. Kg2 Qxd4 27. Rxd4 Nb6
28. Red1 Nc4 29. b3 Ne3+ 30. Kf3 Nxd1 31. Rxd1 Rc7 32. Rd3 e6 33. d6 Rc6 34. d7
Rxd7 35. Rxd7 Rxc3+ 36. Kg4 Rxb3 37. Kg5 Kg7 38. a4 bxa4 39. Rd4 Rb5+ 40. Kg4
Ra5 41. Rd2 a3 42. Ra2 Ra4 43. Kf3 h5 44. h3 Kf6 45. g4 g5 46. fxg5+ Kxg5 47.
h4+ Kxh4 48. Rh2+ Kg5 49. Rxh5+ Kg6 50. Rh1 a2 51. Ra1 Kg5 52. Ke3 Kxg4 53. Kf2
Ra3 0-1

[Event "40th World Junior Girls"]
[Site "Gandhinagar IND"]
[Date "2024.06.05"]
[Round "4.38"]
[White "Shivamshika G"]
[Black "Mishra Riya"]
[Result "1-0"]
[WhiteElo "1846"]
[BlackElo "1654"]
[WhiteFideId "33384959"]
[BlackFideId "35024868"]
[EventDate "2024.06.02"]

1. d4 d5 2. c4 c6 3. Nc3 Nf6 4. Nf3 e6 5. Bg5 Be7 6. e3 h6 7. Bh4 a6 8. Rc1 Nbd7
9. cxd5 Nxd5 10. Bg3 N7f6 11. Bd3 O-O 12. O-O Bd7 13. e4 Nxc3 14. Rxc3 Nh5 15.
Bb1 g6 16. Ne5 Kh7 17. Ng4 f5 18. exf5 exf5 19. Ne5 Nf6 20. Rb3 b5 21. Bf4 Nd5
22. Bc1 Bf6 23. Rh3 Bg7 24. Nxg6 Kxg6 25. Qh5+ Kh7 26. Bxh6 Be8 27. Bxf5+ Rxf5
28. Qxf5+ Bg6 29. Bg5+ Kg8 30. Qxg6 Qd7 31. Qh7+ Kf7 32. Rf3+ Ke6 33. Qg6+ Nf6
34. Rxf6+ Bxf6 35. Qxf6+ Kd5 36. Qe5+ Kc4 37. Qc5+ Kd3 38. Rd1+ 1-0